MDQL
is popping MORE tags! Check the
thread
!
Quizzes
Events
Quiz Creation
Community
Videos
Private Events
Remove Ads
Sign In
Join for FREE
Feedback
Dark Mode
Quiz Categories
Sports
Geography
Music
Movies
Television
Just For Fun
Miscellaneous
History
Literature
Language
Science
Gaming
Entertainment
Religion
Holiday
For Kids
Quiz Lab
Recent
Popular Today
Quiz Kudos Today
Editor Picks
Curator Picks
Quizzes by...
Day
Popularity
Type
Ratings
Length
Year
Community
Subscriptions
Recent Discussions
Orange Saloon
Badges
Playlists
Quests
Create
Leaderboards
Showdown
Live 5
Trivia Bingo
Activity
Puzzle Library
Sporcle Events
Private Events
Virtual Trivia
Globe League
Become a Host
Pub Owners
SporcleCon
Opinionation
Our Games
Videos
Blog
Mobile Apps
Partnerships
Remove Ads and Go Orange
Feedback
Holiday
Halloween
Christmas
Holiday Songs
April Fools'
Thanksgiving
Valentine's Day
Easter
St Patrick's Day
National Holiday
Religious Holiday
Holiday
Halloween
Christmas
Holiday Songs
April Fools'
Thanksgiving
Valentine's Day
Easter
St Patrick's Day
National Holiday
Religious Holiday
Random Quiz
Search Sporcle
×
Quiz Lab
Quiz Lab
Holiday
Sitcom
Select answers by clicking on text or image buttons
Select answers by clicking on text or image buttons
Clickable
Best Score? Go Orange.
Mismatched TV Moms Stats
Can you pick the Mismatched TV Moms/Actress that plays them?
By
gingerlover
3m
20 Questions
5,191 Plays
5,191 Plays
5,191 Plays
Comments
Comments
Give Quiz Kudos
Give Quiz Kudos
-
- Ratings
hide this ad
More Info
Random Order
Randomize order of answers
Randomize order of answers
Replay
Link that replays current quiz
Next Quiz
Link to next quiz in quiz playlist
You Got
0%
They Got
Avg Score
69%
Avg Friend Score
Upgrade to see
Score Distribution
Jump to the score distribution portion of the page
Score
0/20
Timer
03:00
0
Plays Today
% Correct
Katey Bundy
89.1%
Jennifer Green
89.1%
Phylicia Huxtable
88.4%
Florence Brady
86.8%
Lauren Gilmore
79.5%
Jean Bunker
79.3%
Meredith Keaton
74.3%
Julie Dunphy
73.2%
Patricia Heck
72.5%
Constance Huang
71.6%
% Correct
Patricia Taylor
69.4%
Debra Jo Forman
69%
Joanna Seaver
67.3%
Judith Bower
65.3%
Janet Banks
63.4%
Melissa Rostenkowski
62.8%
Tracee Ellis Johnson
53.4%
Jo Marie Winslow
50.2%
Wendi Goldberg
45.5%
Betsy Matthews
35.8%
Quiz Playlist
Details
Report
Send in Message
Add To Playlist
More Info:
The names of the tv mom and actress that plays them. Can you fix them.
Clickable:
Select answers by clicking on text or image buttons
Random Order:
Randomize order of answers
Last Updated: Dec 20, 2018
Quiz Scoreboard
CHALLENGE
Sign Up to Join the Scoreboard
Show All
Scores
Hide
Comments
May contain spoilers
Recently Published
Holiday 10x10 Sorting Gallery
by lukepisani3
Holiday
15m
Two Season TV Shows II
by 123Four
Television
10m
Image Sorting: Flags VI
by Barbecue
Geography
2m
More to Explore
Quiz From the Vault
Featured Blog Post
14 Easter Pick-up Lines to Find Eggs With
hide this ad
You Might Also Like...
Tags
Sitcom Quiz
TV Characters Quiz
TV Show Quiz
mom
Mother's Day
star
Television Stars
US Sitcoms
Today's Top Quizzes in Holiday
Browse Holiday
hide this ad
Today's Top Quizzes in Sitcom
Browse Sitcom
Top Contributed Quizzes in Holiday
1
Pick the Easter Eggs hidden in the Garden
2
April Fools' Zebra Puzzle
3
Picture Click Blitz: Easter
4
5-to-1: Holiday Songs
5
Easter Teddy Bears
6
Image Sorting: Holidays II
7
5-to-1: Thanksgiving
8
Easter - Did You Know?
9
Holidays Spelling Bee
10
Draw a Badge: Hey, It's Leap Day
Explore More
Trending Topics
Marvel
Harry Potter
NBA
Disney
Crossword
Anime
Kpop
Puzzle
NFL
Pokémon
Song
Soccer
Country
The Office
WWE
hide this ad
More By:
gingerlover
Quiz
Plays
Rating
Category
Featured
Created
Movies by Last Name
107,630
4.69
Movies
Jan 23, 2018
Movies by Last Name II
78,925
4.72
Movies
Jan 23, 2018
Which Mario Game?
77,638
4.70
Gaming
Jun 6, 2018
Movies by Last Name III
58,568
4.46
Movies
Mar 3, 2018
Character Ice Cream
58,110
4.60
Miscellaneous
May 5, 2017
Go to Creator's Profile
Score Distribution
Quiz Creator Spotlight
gingerlover
Follow
Send a Message
Quizzes Created
-
Created Quiz Play Count
-
More By This Creator
Popular Quizzes Today
1
Find the US States - No Outlines Minefield
2
Colored Red Africa Blitz
3
Find the 'City' Movie
4
The Countries of the World
5
Find the US States
6
5x2 Blitz: Bands
7
Find the Countries of Europe - No Outlines Minefield
8
US States
More Holiday Quizzes
True or False Blitz: New Year
Published
Trending Quizzes
Colored Red Europe Blitz I
Colored Red Europe Blitz II
Colored Red Africa Blitz II
Colored Red Europe Blitz III
Colored Red Africa Blitz III
Recently Updated
Odd Team Out - Big 4 Players
pecheneg
Quick Pick: 20 Twenties
pecheneg
March Madness Men's Triple Doubles
pecheneg
How Do You Spell That?
pecheneg
Godzilla Movies
pecheneg
Grab Bag: 4-10 Letters
pecheneg
2024 March Madness Bracket
pecheneg
Famous TV Couples
Peacemaker
Champions League XIs: Real Madrid
pecheneg
Largest US Cities 1790-2010
pecheneg
Trending Topics
Disney
Harry Potter
Marvel
Anime
Kpop
Crossword
NBA
Puzzle
NFL
Song
Pokémon
WWE
The Office
Soccer
Country
Your Account Isn't Verified!
In order to create a playlist on Sporcle, you need to verify the email address you used during registration. Go to your
Sporcle Settings
to finish the process.
Report this User
Report this user for behavior that violates our
Community Guidelines
.
Details:
Send Report
Go to the Sporcle.com Mobile Site →
Comments